<?xml version="1.0" encoding="UTF-8"?><?xml-stylesheet type="text/xsl" href="static/style.xsl"?><OAI-PMH xmlns="http://www.openarchives.org/OAI/2.0/" xmlns:xsi="http://www.w3.org/2001/XMLSchema-instance" xsi:schemaLocation="http://www.openarchives.org/OAI/2.0/ http://www.openarchives.org/OAI/2.0/OAI-PMH.xsd"><responseDate>2026-04-13T13:12:49Z</responseDate><request verb="GetRecord" identifier="oai:www.recercat.cat:10256/27185" metadataPrefix="marc">https://recercat.cat/oai/request</request><GetRecord><record><header><identifier>oai:recercat.cat:10256/27185</identifier><datestamp>2025-09-06T06:44:20Z</datestamp><setSpec>com_2072_452955</setSpec><setSpec>com_2072_2054</setSpec><setSpec>col_2072_453072</setSpec></header><metadata><record xmlns="http://www.loc.gov/MARC21/slim" xmlns:dcterms="http://purl.org/dc/terms/" xmlns:xsi="http://www.w3.org/2001/XMLSchema-instance" xmlns:doc="http://www.lyncode.com/xoai" xsi:schemaLocation="http://www.loc.gov/MARC21/slim http://www.loc.gov/standards/marcxml/schema/MARC21slim.xsd">
   <leader>00925njm 22002777a 4500</leader>
   <datafield ind2=" " ind1=" " tag="042">
      <subfield code="a">dc</subfield>
   </datafield>
   <datafield ind2=" " ind1=" " tag="720">
      <subfield code="a">​​​​Intxaustegi Llopis, Alaitz</subfield>
      <subfield code="e">author</subfield>
   </datafield>
   <datafield ind2=" " ind1=" " tag="720">
      <subfield code="a">Serrat Sellabona, Elisabet</subfield>
      <subfield code="e">author</subfield>
   </datafield>
   <datafield ind2=" " ind1=" " tag="720">
      <subfield code="a">Amado, Ana</subfield>
      <subfield code="e">author</subfield>
   </datafield>
   <datafield ind2=" " ind1=" " tag="720">
      <subfield code="a">Sidera Caballero, Francesc</subfield>
      <subfield code="e">author</subfield>
   </datafield>
   <datafield ind2=" " ind1=" " tag="260">
      <subfield code="c">2025-08-15</subfield>
   </datafield>
   <datafield ind2=" " ind1=" " tag="520">
      <subfield code="a">The understanding of hidden emotions situations in which individuals deliberately express an emotion different from what they genuinely feel is a key skill in theory of mind (ToM) development. This ability allows children to reason about discrepancies between internal emotional states and external expressions and is closely tied to linguistic development, particularly vocabulary related to mental states, which supports complex emotional reasoning. Children who are deaf or hard of hearing (DHH), especially those born to hearing non-signing families and raised in oral language environments, may face challenges in early language exposure. This can impact the development of social and emotional skills, including the ability to understand hidden emotions. This study compares the understanding of hidden emotions in hearing children (n = 59) and DHH children (n = 44) aged 7-12 years. All children were educated in spoken language environments; none of the DHH participants had native exposure to sign language. Participants completed a hidden emotions task involving illustrated stories where a character showed a certain emotion in front of two observers, only one of whom was aware of the character's true emotional state. The task assessed children's understanding of the character's emotional state as well as their ability to reason about the impact of hiding emotions on the beliefs of the observers. The results showed that the hearing children outperformed their DHH peers in understanding hidden emotions. This difference was not attributed to hearing status per se but to language use. Specifically, children's spontaneous use of cognitive verbs (e.g., think or know) in their explanations predicted task performance across the groups, emphasizing the role of mental state language in emotional reasoning. These findings underscore the importance of early and accessible language exposure in supporting the emotional and social cognitive development of DHH children</subfield>
   </datafield>
   <datafield ind2=" " ind1=" " tag="520">
      <subfield code="a">The author(s) declare that financial support was received for the research, authorship, or publication of this article. This work was funded by the Ministerio de Ciencia, Innovación y Universidades (MICIU) of Spain (reference no. PID2020-118419GB-I00)</subfield>
   </datafield>
   <datafield ind1="8" ind2=" " tag="024">
      <subfield code="a">http://hdl.handle.net/10256/27185</subfield>
   </datafield>
   <datafield tag="653" ind2=" " ind1=" ">
      <subfield code="a">Emocions i cognició</subfield>
   </datafield>
   <datafield tag="653" ind2=" " ind1=" ">
      <subfield code="a">Emotions and cognition</subfield>
   </datafield>
   <datafield tag="653" ind2=" " ind1=" ">
      <subfield code="a">Cognició en els infants</subfield>
   </datafield>
   <datafield tag="653" ind2=" " ind1=" ">
      <subfield code="a">Cognition in children</subfield>
   </datafield>
   <datafield tag="653" ind2=" " ind1=" ">
      <subfield code="a">Infants sords -- Llenguatge</subfield>
   </datafield>
   <datafield tag="653" ind2=" " ind1=" ">
      <subfield code="a">Children, Deaf -- Language</subfield>
   </datafield>
   <datafield ind2="0" ind1="0" tag="245">
      <subfield code="a">Language and Hidden Emotion Understanding in Deaf and Hard-of-Hearing Children: The Role of Mentalistic Verbs</subfield>
   </datafield>
</record></metadata></record></GetRecord></OAI-PMH>